Statistics for U.S. States with the highest percentage of vowels

Click here to take the quiz!

General Stats

  • This quiz has been taken 17 times
  • The average score is 7 of 10

Answer Stats

VowelsState% Correct
75%Iowa
88%
57.1%Alabama
82%
60%Maine
82%
75%Ohio
82%
66.7%Hawaii
76%
57.1%Arizona
65%
57.1%Georgia
65%
60%Idaho
65%
66.7%Louisiana
59%
57.1%Indiana
53%

Score Distribution

Percentile by Number Answered

Percent of People with Each Score

Your Score History

You have not taken this quiz